| 000 | 00397nam a2200145Ia 4500 | ||
|---|---|---|---|
| 008 | 231129s1975||||xx |||||||||||||| ||spa|| | ||
| 020 | _a84-297-1144-9 | ||
| 040 | _bspa | ||
| 082 | _a330.46 T655c | ||
| 100 | _aTomas R | ||
| 245 | 0 | _aLa crisis economica y sus repercuciones en Espana | |
| 260 | _c1975 | ||
| 264 | _aEdiciones Peninsula | ||
| 942 |
_2ddc _cBKS |
||
| 999 |
_c16776 _d16776 |
||